|
|
|
|
| LEADER |
00000cas a2200000 c 4500 |
| 001 |
130414131 |
| 003 |
DE-627 |
| 005 |
20231116192608.0 |
| 007 |
tu |
| 008 |
931116c19819999xxkq| p| 0 |0eng c |
| 016 |
7 |
|
|a 013615564
|2 DE-101
|
| 016 |
7 |
|
|a 625324-6
|2 DE-600
|
| 022 |
|
|
|a 0144-6657
|
| 024 |
7 |
|
|a 01107933
|2 swets
|
| 030 |
|
|
|a BJCPD
|
| 035 |
|
|
|a (DE-627)130414131
|
| 035 |
|
|
|a (DE-576)015916405
|
| 035 |
|
|
|a (DE-599)ZDB625324-6
|
| 035 |
|
|
|a (OCoLC)1367777291
|
| 040 |
|
|
|a DE-627
|b ger
|c DE-627
|e rakwb
|
| 041 |
|
|
|a eng
|
| 044 |
|
|
|c XA-GB
|
| 082 |
0 |
4 |
|a 150
|a 610
|q DE-600
|
| 084 |
|
|
|a 5,2
|2 ssgn
|
| 084 |
|
|
|a CL 1000
|2 rvk
|0 (DE-625)rvk/18938:
|
| 084 |
|
|
|a 77.00
|2 bkl
|
| 210 |
1 |
0 |
|a BR J CLIN PSYCHOL
|
| 245 |
0 |
0 |
|a British journal of clinical psychology
|c the British Psychological Society
|
| 247 |
1 |
0 |
|a The British journal of clinical psychology
|f Hauptsacht. 20.1981 - 26.1987
|
| 264 |
3 |
1 |
|a Oxford
|b Wiley-Blackwell
|c 1981-
|
| 264 |
2 |
1 |
|a Leicester
|b British Psychological Society
|c anfangs
|
| 336 |
|
|
|a Text
|b txt
|2 rdacontent
|
| 337 |
|
|
|a ohne Hilfsmittel zu benutzen
|b n
|2 rdamedia
|
| 338 |
|
|
|a Band
|b nc
|2 rdacarrier
|
| 362 |
0 |
|
|a 20.1981 -
|
| 363 |
0 |
1 |
|a 20
|i 1981
|
| 500 |
|
|
|a Einzelne Hefte zugl. als Special issue bez
|
| 650 |
|
4 |
|a Klinische Psychologie
|
| 655 |
|
7 |
|a Zeitschrift
|0 (DE-588)4067488-5
|0 (DE-627)10454466X
|0 (DE-576)20917000X
|2 gnd-content
|
| 689 |
0 |
0 |
|d s
|0 (DE-588)4031193-4
|0 (DE-627)10626687X
|0 (DE-576)208991069
|a Klinische Psychologie
|2 gnd
|
| 689 |
0 |
|
|5 DE-101
|
| 689 |
1 |
0 |
|d s
|0 (DE-588)4055891-5
|0 (DE-627)106156535
|0 (DE-576)209115777
|a Sozialpsychologie
|2 gnd
|
| 689 |
1 |
|
|5 DE-101
|
| 776 |
1 |
|
|x 2044-8260
|
| 776 |
0 |
8 |
|i Erscheint auch als
|n Online-Ausg.
|t The British journal of clinical psychology
|d Hoboken, NJ [u.a.] : Wiley, 1981
|h Online-Ressource
|w (DE-627)302471529
|w (DE-600)1491701-4
|w (DE-576)079720897
|x 2044-8260
|k Electronic
|
| 780 |
0 |
0 |
|i Vorg.
|t The British journal of social and clinical psychology
|d London : Cambridge Univ. Press, 1962
|w (DE-627)129851396
|w (DE-600)280394-X
|w (DE-576)015150763
|x 0007-1293
|k Non-Electronic
|
| 936 |
r |
v |
|a CL 1000
|b Zeitschriften
|k Psychologie
|k Zeitschriften
|0 (DE-627)1273576632
|0 (DE-625)rvk/18938:
|0 (DE-576)203576632
|
| 936 |
b |
k |
|a 77.00
|j Psychologie: Allgemeines
|0 (DE-627)106412264
|
| 951 |
|
|
|a JT
|
| ELC |
|
|
|b 1
|
| LOK |
|
|
|0 000 xxxxxcy a22 3n 4500
|
| LOK |
|
|
|0 001 2119130477
|
| LOK |
|
|
|0 003 DE-627
|
| LOK |
|
|
|0 004 130414131
|
| LOK |
|
|
|0 005 20170517134309
|
| LOK |
|
|
|0 008 880930||||||||||||||||ger|||||||
|
| LOK |
|
|
|0 035
|a (DE-600)033707146
|
| LOK |
|
|
|0 040
|a DE-21-51
|c DE-627
|d DE-21-51
|
| LOK |
|
|
|0 092
|o n
|
| LOK |
|
|
|0 852
|8 1
|
| LOK |
|
|
|0 852
|a DE-21-51
|
| LOK |
|
|
|0 852 1
|9 00
|
| LOK |
|
|
|0 85900
|8 1.1
|a 20
|i 1981
|
| LOK |
|
|
|0 85910
|8 1.2
|a 35
|i 1996
|
| LOK |
|
|
|0 86630
|a 20.1981 - 35.1996
|
| LOK |
|
|
|0 939
|a 16-12-99
|b z01
|
| LOK |
|
|
|0 000 xxxxxcx a22 zn 4500
|
| LOK |
|
|
|0 001 2791810498
|
| LOK |
|
|
|0 003 DE-627
|
| LOK |
|
|
|0 004 130414131
|
| LOK |
|
|
|0 005 20140403094941
|
| LOK |
|
|
|0 008 140403||||||||||||||||ger|||||||
|
| LOK |
|
|
|0 040
|a DE-21-110
|c DE-627
|d DE-21-110
|
| LOK |
|
|
|0 852
|z Kein Bestand am IfK; Nachweis für KrimDok
|
| LOK |
|
|
|0 852
|a DE-21-110
|
| LOK |
|
|
|0 852 1
|m v
|9 00
|
| LOK |
|
|
|0 935
|a k110
|
| LOK |
|
|
|0 938
|k v
|
| LOK |
|
|
|0 939
|a 03-04-14
|b l01
|
| ORI |
|
|
|a WA-MARC-krimdokb001.raw
|
| SPR |
|
|
|a 1
|t KRI
|